00555 a2200157 4500010001400000020002300014035001300037037001500050082001100065245013500076260003700211270006300248300002700311700002600338700003300364 aENG-89820 a8188965421c400.00 aEN-73353 bDBAD / PUB14a305.421 aConstellations of violence:bfeminist interventions in South Asia/cedited by Radhika Coomaraswamy and Nimanthi Perera-Rajasingham aNew DelhibWomen Unlimitedc2008 aK-36, Hauz Khas Enclave, Ground Floor,bNew Delhie110 016 axx, 260p.c22cm (Hb )1 aCoomaraswamy, Radhika1 aPerera-Rajasingham, Nimanthi